[Event "Fagernes Chess International"]
[Site "Thon Hotell Fagernes"]
[Date "2016.03.20"]
[Round "4"]
[White "Urkedal, Frode Olav Olsen"]
[Black "Romanov, Evgeny"]
[Result "1/2-1/2"]
[WhiteElo "2507"]
[BlackElo "2635"]
[PlyCount "46"]
[EventDate "2016.??.??"]

1. d4 Nf6 2. c4 e6 3. g3 c5 4. Nf3 cxd4 5. Nxd4 d5 6. Bg2 e5 7. Nf3 d4 8. O-O
Nc6 9. e3 Bc5 10. exd4 exd4 11. Re1+ Be6 12. Nbd2 O-O 13. Nb3 Bb4 14. Bd2 d3
15. Ne5 Bxd2 16. Nxc6 bxc6 17. Qxd2 Bxc4 18. Na5 Bd5 19. Nxc6 Bxc6 20. Bxc6 Rc8
21. Bb5 Rc2 22. Qxd3 Rxb2 23. Qxd8 Rxd8
1/2-1/2

[Event "Fagernes Chess International"]
[Site "Thon Hotell Fagernes"]
[Date "2016.03.20"]
[Round "4"]
[White "Vovk, Yuri"]
[Black "Neiksans, Arturs"]
[Result "0-1"]
[WhiteElo "2611"]
[BlackElo "2607"]
[PlyCount "58"]
[EventDate "2016.??.??"]

1. d4 Nf6 2. c4 e6 3. Nf3 b6 4. Bf4 Bb7 5. e3 Bb4+ 6. Nbd2 Be7 7. Bd3 Nh5 8.
O-O Nxf4 9. exf4 O-O 10. b4 g6 11. b5 a6 12. a4 c5 13. dxc5 Bxc5 14. Ne4 Be7
15. Qe2 Qc7 16. g3 d6 17. h4 Nd7 18. h5 axb5 19. axb5 e5 20. hxg6 hxg6 21. Neg5
Nc5 22. Bc2 Kg7 23. Rxa8 Bxa8 24. Re1 Rh8 25. Ne4 Qd7 26. Qf1 f5 27. Ned2 Bf6
28. fxe5 dxe5 29. Qe2 Qxd2
0-1

[Event "Fagernes Chess International"]
[Site "Thon Hotell Fagernes"]
[Date "2016.03.20"]
[Round "4"]
[White "Christiansen, Johan-Sebastian"]
[Black "Johannessen, Leif E"]
[Result "0-1"]
[WhiteElo "2401"]
[BlackElo "2497"]
[PlyCount "94"]
[EventDate "2016.??.??"]

1. Nf3 Nf6 2. c4 b6 3. g3 Bb7 4. Bg2 e6 5. O-O Be7 6. d4 O-O 7. Re1 Qc8 8. Nc3
Ne4 9. Nxe4 Bxe4 10. Bh3 Nc6 11. Ng5 Bg6 12. Bg2 Qd8 13. Nh3 d5 14. Nf4 Be4 15.
Bxe4 dxe4 16. d5 exd5 17. cxd5 Nb4 18. a3 Na6 19. Qc2 Re8 20. b4 Bd6 21. Qc6
Qf6 22. Be3 Rad8 23. Rac1 Nb8 24. Qb7 Nd7 25. Rxc7 Bxc7 26. Qxc7 Ne5 27. Bd4
Qe7 28. Rc1 Ng6 29. Be3 Rd7 30. Qc6 Red8 31. Rd1 Rd6 32. Qc4 Qb7 33. Qxe4 Nxf4
34. Bxf4 Rxd5 35. Rd3 Qd7 36. Rc3 Qh3 37. Rd3 Rxd3 38. exd3 Qd7 39. Be3 Qxd3
40. Qe5 Qd1+ 41. Kg2 Qd5+ 42. Qxd5 Rxd5 43. a4 f5 44. h3 Re5 45. b5 Re4 46. a5
Rxe3 47. axb6 Re7
0-1

[Event "Fagernes Chess International"]
[Site "Thon Hotell Fagernes"]
[Date "2016.03.20"]
[Round "4"]
[White "Meskovs, Nikita"]
[Black "Gandrud, Vegar Koi"]
[Result "1/2-1/2"]
[WhiteElo "2469"]
[BlackElo "2300"]
[PlyCount "189"]
[EventDate "2016.??.??"]

1. c4 c5 2. Nf3 Nc6 3. Nc3 g6 4. e3 Nf6 5. d4 cxd4 6. exd4 d5 7. cxd5 Nxd5 8.
Bc4 Nb6 9. Bb5 Bg7 10. O-O O-O 11. Bxc6 bxc6 12. h3 Nd5 13. Na4 Bf5 14. b3 Nb4
15. Bb2 Bh6 16. Nc5 a5 17. Ne5 Qd5 18. Nc4 Rfb8 19. Re1 Qd8 20. g4 Bc8 21. a3
Nd5 22. Qf3 Bd7 23. Re2 Be8 24. Rae1 Ra7 25. h4 Bg7 26. Qg3 f6 27. Bc1 Bf7 28.
Bd2 Rba8 29. Kh2 Bf8 30. f4 Nb6 31. Nxa5 Rxa5 32. Nb7 Qd5 33. Nxa5 Rxa5 34.
Bxa5 Qxa5 35. a4 Qb4 36. Rc1 Bd5 37. Qc3 Qd6 38. Rf2 Bh6 39. Qg3 Qb4 40. g5 Bg7
41. a5 Nc8 42. Qe3 Qxa5 43. Rxc6 Bxc6 44. Qe6+ Kf8 45. Qxc8+ Be8 46. Qe6 Qc7
47. Qc4 Qb8 48. Kg2 Bf7 49. d5 Kg8 50. Rd2 fxg5 51. hxg5 h6 52. gxh6 Bxh6 53.
Kf3 Qb6 54. b4 Qg1 55. Qd3 Qh1+ 56. Kg3 g5 57. fxg5 Bxg5 58. Rd1 Qh4+ 59. Kg2
Qxb4 60. Qf3 Qf4 61. Qxf4 Bxf4 62. Kf3 Bd6 63. Rg1+ Kf8 64. Ke4 Ke8 65. Rg7 Bh5
66. Kf5 Kd7 67. Ke4 Be2 68. Rg2 Ba6 69. Ra2 Bb7 70. Rb2 Kc7 71. Rc2+ Kb6 72.
Rb2+ Ka6 73. Ra2+ Kb6 74. Rb2+ Kc7 75. Rc2+ Kb8 76. Rb2 Kc8 77. Rc2+ Kd7 78.
Rb2 Bc8 79. Ra2 Kd8 80. Rc2 Bd7 81. Ra2 Kc7 82. Ra7+ Kc8 83. Kd4 Bf5 84. Kc4
Kd8 85. Kb5 Ke8 86. Kc6 Kf7 87. Ra1 Kf6 88. Re1 Kg5 89. Rf1 Kf6 90. Re1 Bg6 91.
Re6+ Kf5 92. Rxd6 exd6 93. Kxd6 Bf7 94. Kc5 Bxd5 95. Kxd5
1/2-1/2

[Event "Fagernes Chess International"]
[Site "Thon Hotell Fagernes"]
[Date "2016.03.20"]
[Round "4"]
[White "Houska, Jovanka"]
[Black "Salomon, Johan"]
[Result "0-1"]
[WhiteElo "2387"]
[BlackElo "2452"]
[PlyCount "96"]
[EventDate "2016.??.??"]

1. d4 Nf6 2. Nf3 d5 3. c4 dxc4 4. e3 Bg4 5. Bxc4 e6 6. O-O a6 7. b3 Nc6 8. Bb2
Bd6 9. Be2 O-O 10. Nbd2 Re8 11. Rc1 Bf8 12. a3 Rc8 13. h3 Bxf3 14. Bxf3 Nd5 15.
Nc4 Nde7 16. e4 Ng6 17. g3 Na7 18. h4 Ne7 19. d5 exd5 20. exd5 Nb5 21. Ne3 Ng6
22. Re1 Bxa3 23. Bxa3 Nxa3 24. d6 cxd6 25. Bxb7 Rxc1 26. Qxc1 Nb5 27. Qa1 Ne5
28. Rd1 a5 29. Nc4 Qc7 30. Bd5 Rb8 31. Qxa5 Qxa5 32. Nxa5 Nc3 33. Rd2 Rb5 34.
Nc6 Rxd5 35. Ne7+ Kf8 36. Rxd5 Kxe7 37. Ra5 Nc6 38. Ra8 d5 39. Kf1 d4 40. f3
Ne5 41. Kf2 Nd3+ 42. Kf1 Nc1 43. Rb8 d3 44. Ke1 Nb1 45. Kd1 Na2 46. Rc8 Nac3+
47. Rxc3 Nxc3+ 48. Kd2 Ne2
0-1

[Event "Fagernes Chess International"]
[Site "Thon Hotell Fagernes"]
[Date "2016.03.20"]
[Round "4"]
[White "Getz, Nicolai"]
[Black "Ranaldi, Lucas"]
[Result "1/2-1/2"]
[WhiteElo "2407"]
[BlackElo "2132"]
[PlyCount "109"]
[EventDate "2016.??.??"]

1. e4 c5 2. Nf3 d6 3. d4 cxd4 4. Nxd4 Nf6 5. Nc3 a6 6. h3 e6 7. g4 Nfd7 8. h4
b5 9. a3 Bb7 10. f4 Nb6 11. Bg2 N8d7 12. Qe2 Rc8 13. f5 e5 14. Nf3 Qc7 15. Nd2
Be7 16. g5 Na4 17. Rh3 Qb6 18. Ndb1 Qa5 19. Bd2 Nxc3 20. Rxc3 Rxc3 21. Nxc3 Qc7
22. O-O-O Nb6 23. Be1 Qc4 24. Qf3 f6 25. Bf1 Qc8 26. Qh5+ Kd7 27. Bf2 Nc4 28.
Nd5 Bxd5 29. Rxd5 Na5 30. Qf7 Qg8 31. Qxg8 Rxg8 32. a4 fxg5 33. axb5 axb5 34.
Rxb5 Ra8 35. hxg5 Bxg5+ 36. Kb1 Bf6 37. c3 Nc6 38. Rb7+ Kc8 39. Rf7 Ne7 40.
Rf8+ Kb7 41. Rxa8 Kxa8 42. Kc2 Kb7 43. b4 g6 44. fxg6 Nxg6 45. Kb3 Nf4 46. Ka4
h5 47. c4 h4 48. c5 h3 49. Bg3 dxc5 50. bxc5 Kc6 51. Kb4 Bh4 52. Bh2 Be1+ 53.
Kc4 Bf2 54. Bxf4 exf4 55. Bxh3
1/2-1/2

[Event "Fagernes Chess International"]
[Site "Thon Hotell Fagernes"]
[Date "2016.03.20"]
[Round "4"]
[White "Hauge, Lars Oskar"]
[Black "Bjerke, Richard"]
[Result "1/2-1/2"]
[WhiteElo "2393"]
[BlackElo "2109"]
[PlyCount "83"]
[EventDate "2016.??.??"]

1. d4 e6 2. e4 d5 3. Nd2 c5 4. exd5 exd5 5. Ngf3 Nc6 6. Be2 c4 7. O-O Bd6 8. b3
cxb3 9. axb3 Nf6 10. Bb2 O-O 11. Ne5 Bf5 12. c4 Re8 13. Ndf3 Be4 14. c5 Bxe5
15. Nxe5 Nd7 16. f3 Bg6 17. Nxc6 bxc6 18. Ra6 Qe7 19. Rf2 Nb8 20. Ra2 Qb7 21.
Bc3 Nd7 22. Ba6 Qc7 23. Ba5 Qb8 24. Rfe2 Nf8 25. Bc3 Qc7 26. b4 Qd7 27. Rxe8
Rxe8 28. Re2 Ne6 29. Qe1 f6 30. Kf2 Nc7 31. Rxe8+ Bxe8 32. Bf1 Bg6 33. Qe3 a6
34. Qf4 Nb5 35. Bd2 h6 36. Be3 Qf5 37. Qxf5 Bxf5 38. Bxb5 axb5 39. g4 Bd3 40.
Kg3 Kf7 41. h3 Bc2 42. Bd2
1/2-1/2

[Event "Fagernes Chess International"]
[Site "Thon Hotell Fagernes"]
[Date "2016.03.20"]
[Round "4"]
[White "Haug, Johannes"]
[Black "Gutsko, Anastasia"]
[Result "1/2-1/2"]
[WhiteElo "2267"]
[BlackElo "2154"]
[PlyCount "89"]
[EventDate "2016.??.??"]

1. e4 c6 2. d4 d5 3. e5 Bf5 4. h4 h5 5. Bd3 Bxd3 6. Qxd3 Qa5+ 7. Nd2 Qa6 8. e6
Qxd3 9. exf7+ Kxf7 10. cxd3 Nd7 11. Ngf3 e6 12. O-O Bd6 13. Re1 Re8 14. Nb3 Nh6
15. Bd2 Kf6 16. Re2 Nf5 17. Rae1 b6 18. g3 g6 19. Ng5 Ng7 20. Re3 a5 21. Bc3
Bc7 22. Kg2 Nf8 23. R3e2 Nf5 24. Nd2 Ng7 25. Ndf3 Nd7 26. Bd2 Bd6 27. Bc3 Bb4
28. a3 Bxc3 29. bxc3 b5 30. Kf1 Rhg8 31. Nh7+ Ke7 32. Nfg5 Kd6 33. Nf7+ Kc7 34.
Nfg5 Rh8 35. Re3 Re7 36. Rf3 Nf5 37. Nxe6+ Rxe6 38. Rxe6 Rxh7 39. Rxg6 Nh6 40.
Re6 Ng8 41. Rf5 Ne7 42. Rg5 c5 43. Re1 cxd4 44. cxd4 Nb8 45. Ree5
1/2-1/2

[Event "Fagernes Chess International"]
[Site "Thon Hotell Fagernes"]
[Date "2016.03.20"]
[Round "4"]
[White "Machlik, Edit"]
[Black "Haugli, Petter"]
[Result "0-1"]
[WhiteElo "2056"]
[BlackElo "2244"]
[PlyCount "62"]
[EventDate "2016.??.??"]

1. d4 d5 2. c4 c6 3. Nc3 Nf6 4. e3 e6 5. Nf3 Nbd7 6. Qc2 Bd6 7. b3 O-O 8. Be2
b6 9. Bb2 Bb7 10. O-O Rc8 11. e4 dxe4 12. Nxe4 Nxe4 13. Qxe4 Nf6 14. Qh4 Be7
15. Bd3 g6 16. Rad1 Nh5 17. Qe4 Qc7 18. Ne5 c5 19. Qe3 cxd4 20. Bxd4 f6 21.
Nxg6 hxg6 22. Qxe6+ Kg7 23. Qg4 Nf4 24. Bf5 Rcd8 25. Be3 g5 26. g3 Qc6 27. f3
Bc5 28. Rde1 Bxe3+ 29. Rxe3 Qc5 30. Rfe1 Rd1 31. Kf1 Qxe3
0-1

[Event "Fagernes Chess International"]
[Site "Thon Hotell Fagernes"]
[Date "2016.03.20"]
[Round "4"]
[White "Løbersli, Henrik Øie"]
[Black "Kaasen, Tor Fredrik"]
[Result "0-1"]
[WhiteElo "2134"]
[BlackElo "2209"]
[PlyCount "64"]
[EventDate "2016.??.??"]

1. e4 e6 2. d4 d5 3. Nc3 Nf6 4. e5 Nfd7 5. f4 c5 6. Nf3 Nc6 7. Be3 a6 8. Qd2 b5
9. a3 Qa5 10. Bd3 b4 11. Nd1 Rb8 12. O-O cxd4 13. Nxd4 Nxd4 14. Bxd4 Bc5 15.
Qe3 bxa3 16. Bxc5 Qxc5 17. Qxc5 Nxc5 18. Rxa3 Bd7 19. Rf3 Bb5 20. Bxb5+ axb5
21. Ra7 O-O 22. Rc3 Rfc8 23. Ra5 d4 24. Rca3 b4 25. Ra1 Ne4 26. Rc1 b3 27. c3
dxc3 28. bxc3 b2 29. Rb1 Nxc3 30. Nxc3 Rxc3 31. Kf2 Rc1 32. Raa1 Rbc8
0-1

[Event "Fagernes Chess International"]
[Site "Thon Hotell Fagernes"]
[Date "2016.03.20"]
[Round "4"]
[White "Dahl, Trygve"]
[Black "Risting, Eivind Olav"]
[Result "1/2-1/2"]
[WhiteElo "2201"]
[BlackElo "2102"]
[PlyCount "40"]
[EventDate "2016.??.??"]

1. e4 c5 2. Nf3 Nc6 3. d4 cxd4 4. Nxd4 Nf6 5. Nc3 e5 6. Ndb5 d6 7. Bg5 a6 8.
Na3 b5 9. Nd5 Be7 10. Bxf6 Bxf6 11. c3 O-O 12. Nc2 Rb8 13. Be2 Be6 14. O-O Bg5
15. a4 bxa4 16. Ndb4 Nxb4 17. Nxb4 Bb3 18. Qd3 Rb6 19. Bd1 a5 20. Bxb3 axb4
1/2-1/2

[Event "Fagernes Chess International"]
[Site "Thon Hotell Fagernes"]
[Date "2016.03.20"]
[Round "4"]
[White "Kjølberg, Jens Hjorth"]
[Black "Pettersen, Joar Gullestad"]
[Result "1-0"]
[WhiteElo "2164"]
[BlackElo "2062"]
[PlyCount "59"]
[EventDate "2016.??.??"]

1. d4 e6 2. c4 f5 3. Nf3 Nf6 4. g3 c6 5. Bg2 d5 6. O-O Bd6 7. b3 Qe7 8. Bb2 b6
9. Ne5 Bb7 10. cxd5 cxd5 11. Nc3 a6 12. Qd2 Ne4 13. Nxe4 dxe4 14. f3 exf3 15.
Bxf3 O-O 16. Nc4 Bb4 17. Qe3 b5 18. Bxb7 Qxb7 19. Qxe6+ Kh8 20. Ne5 Rf6 21.
Qe8+ Bf8 22. Qh5 Ra7 23. Rac1 g6 24. Qf3 Qb6 25. Kg2 Kg8 26. Rc8 Rd6 27. Ba3
Rd8 28. Bc5 Bxc5 29. dxc5 Qf6 30. Qd5+
1-0

[Event "Fagernes Chess International"]
[Site "Thon Hotell Fagernes"]
[Date "2016.03.20"]
[Round "4"]
[White "Darnell, Anton"]
[Black "Hølleland, Sigve"]
[Result "0-1"]
[WhiteElo "2110"]
[BlackElo "2107"]
[PlyCount "58"]
[EventDate "2016.??.??"]

1. d4 d5 2. Bf4 e6 3. e3 Nf6 4. Nf3 Be7 5. h3 O-O 6. Be2 c5 7. c3 Ne4 8. Nbd2
f5 9. Nxe4 fxe4 10. Nd2 Nc6 11. Bg3 Bh4 12. Bxh4 Qxh4 13. g3 Qf6 14. O-O cxd4
15. cxd4 e5 16. dxe5 Qxe5 17. Kg2 Qxb2 18. f3 Be6 19. Rb1 Qxa2 20. Rxb7 Rab8
21. Rxb8 Rxb8 22. Qc1 Rc8 23. Qc3 Nd8 24. Ra1 Rxc3 25. Rxa2 d4 26. Rxa7 Rc2 27.
Ra8 Rxd2 28. Rxd8+ Kf7 29. Kf1 d3
0-1

[Event "Fagernes Chess International"]
[Site "Thon Hotell Fagernes"]
[Date "2016.03.20"]
[Round "4"]
[White "Machlik, Monika"]
[Black "Grønnestad, Anita"]
[Result "1/2-1/2"]
[WhiteElo "2055"]
[BlackElo "1957"]
[PlyCount "171"]
[EventDate "2016.??.??"]

1. d4 d5 2. c4 c6 3. Nc3 Nf6 4. e3 e6 5. Nf3 Nbd7 6. Qc2 Bd6 7. b3 O-O 8. Be2
b6 9. O-O Bb7 10. Bb2 Qc7 11. e4 dxe4 12. Nxe4 Nxe4 13. Qxe4 Rae8 14. Bd3 f5
15. Qe2 c5 16. h3 Bxf3 17. Qxf3 cxd4 18. Bxd4 e5 19. Qd5+ Kh8 20. Bc3 Nf6 21.
Qb5 e4 22. Be2 f4 23. f3 Bc5+ 24. Kh2 Nh5 25. b4 a6 26. Qxa6 Be3 27. Be1 Qe5
28. Rd1 Ra8 29. Qb7 Rxa2 30. Rd5 Qf6 31. Rxh5 Rxe2 32. Bh4 Qg6 33. Rg5 Qf7 34.
Qc6 h6 35. Rg6 exf3 36. Rxf3 Rc2 37. Qe6 Rxc4 38. Qxf7 Rxf7 39. Bf2 Bxf2 40.
Rxf2 Rxb4 41. Rd6 Kh7 42. Rc2 Rf5 43. Rd7 b5 44. Rb7 Rb1 45. Rd2 Rb3 46. Rc2
Rg5 47. Rf7 f3 48. gxf3 b4 49. h4 Rg6 50. Rb7 Rb1 51. Rc4 Rb2+ 52. Kh3 Rbg2 53.
Rg4 R6xg4 54. fxg4 Rb2 55. h5 b3 56. Rb8 Rb1 57. Kg2 g5 58. Rb7+ Kg8 59. Kh2
Kf8 60. Rb6 Kg7 61. Kg2 b2 62. Kh2 Kf8 63. Kg2 Ke7 64. Kh2 Kd7 65. Kg2 Kc7 66.
Rb3 Kc6 67. Rb8 Kd5 68. Rb4 Kc5 69. Rb8 Kd4 70. Rd8+ Ke3 71. Rb8 Kf4 72. Rb4+
Ke5 73. Rb8 Kd4 74. Kh2 Kc3 75. Rc8+ Kd2 76. Rb8 Ke3 77. Rb3+ Kd4 78. Rb8 Ke4
79. Kg2 Kd3 80. Rb3+ Ke2 81. Rb8 Ke3 82. Rb3+ Kd4 83. Rb8 Kc3 84. Rc8+ Kd2 85.
Rd8+ Ke3 86. Rb8
1/2-1/2

[Event "Fagernes Chess International"]
[Site "Thon Hotell Fagernes"]
[Date "2016.03.20"]
[Round "5"]
[White "Shankland, Samuel L"]
[Black "Vovk, Andrey"]
[Result "1/2-1/2"]
[WhiteElo "2648"]
[BlackElo "2638"]
[PlyCount "61"]
[EventDate "2016.??.??"]

1. e4 c5 2. Nf3 d6 3. d4 cxd4 4. Nxd4 Nf6 5. Nc3 Nc6 6. Bg5 e6 7. Qd2 a6 8.
O-O-O Bd7 9. f4 b5 10. Bxf6 gxf6 11. Kb1 Qb6 12. Nce2 h5 13. Qd3 O-O-O 14. g3
Kb8 15. Bg2 Na5 16. f5 e5 17. Nb3 Nc4 18. Nc3 Bc6 19. Qe2 Ne3 20. Rd3 Bh6 21.
a3 h4 22. g4 h3 23. Bf3 a5 24. Nxa5 Qxa5 25. Rxe3 Bxe3 26. Qxe3 b4 27. axb4
Qxb4 28. Rd1 Qc5 29. Qe1 Qb4 30. Qe3 Qc5 31. Qe1
1/2-1/2

[Event "Fagernes Chess International"]
[Site "Thon Hotell Fagernes"]
[Date "2016.03.20"]
[Round "5"]
[White "Neiksans, Arturs"]
[Black "Romanov, Evgeny"]
[Result "1/2-1/2"]
[WhiteElo "2607"]
[BlackElo "2635"]
[PlyCount "79"]
[EventDate "2016.??.??"]

1. e4 e5 2. Nf3 Nc6 3. Bc4 Bc5 4. O-O Nf6 5. d3 d6 6. c3 Bb6 7. a4 a5 8. Na3
Ne7 9. Bb3 c6 10. Nc4 Bc7 11. Re1 O-O 12. Bg5 Ng6 13. Nh4 Nxh4 14. Bxh4 h6 15.
d4 g5 16. Bg3 Qe7 17. f3 Nh5 18. Bf2 Nf4 19. Qc2 h5 20. Rad1 h4 21. Ne3 Qf6 22.
Bc4 Bb6 23. Qd2 Rd8 24. h3 exd4 25. cxd4 d5 26. e5 Qg6 27. Ba2 f5 28. exf6 Qxf6
29. Bb1 Rf8 30. Ng4 Bxg4 31. fxg4 Rae8 32. Bf5 Qd6 33. Rxe8 Rxe8 34. Re1 Kf7
35. Rxe8 Kxe8 36. Be3 Kd8 37. Kf1 Bc7 38. Bxf4 Qxf4+ 39. Qxf4 Bxf4 40. Ke2
1/2-1/2

[Event "Fagernes Chess International"]
[Site "Thon Hotell Fagernes"]
[Date "2016.03.20"]
[Round "5"]
[White "Haugli, Petter"]
[Black "Vovk, Yuri"]
[Result "0-1"]
[WhiteElo "2244"]
[BlackElo "2611"]
[PlyCount "54"]
[EventDate "2016.??.??"]

1. d4 Nf6 2. c4 e6 3. Nc3 Bb4 4. e3 d5 5. Bd3 O-O 6. Nf3 b6 7. cxd5 exd5 8. O-O
Bb7 9. Bd2 Nbd7 10. Rc1 a6 11. Ne5 Nxe5 12. dxe5 Nd7 13. f4 Nc5 14. Bb1 d4 15.
Ne2 Qd5 16. Rf2 Bxd2 17. Qxd2 d3 18. Nc3 Qd7 19. b4 Ne4 20. Nxe4 Bxe4 21. Rc4
Qf5 22. Rf1 Rfd8 23. Rxc7 Rac8 24. Rfc1 Rxc7 25. Rxc7 h5 26. h4 Qg4 27. Rc1
Bxg2
0-1

[Event "Fagernes Chess International"]
[Site "Thon Hotell Fagernes"]
[Date "2016.03.20"]
[Round "5"]
[White "De Firmian, Nick E"]
[Black "Lie, Kjetil A."]
[Result "1/2-1/2"]
[WhiteElo "2508"]
[BlackElo "2535"]
[PlyCount "29"]
[EventDate "2016.??.??"]

1. e4 c5 2. Nf3 g6 3. d4 cxd4 4. Nxd4 Bg7 5. Nc3 Nc6 6. Be3 Nf6 7. Bc4 Qa5 8.
O-O O-O 9. Bb3 d6 10. h3 Bd7 11. f4 Nxd4 12. Bxd4 Bc6 13. Qd3 Rad8 14. Rad1 Nd7
15. Bxg7
1/2-1/2

[Event "Fagernes Chess International"]
[Site "Thon Hotell Fagernes"]
[Date "2016.03.20"]
[Round "5"]
[White "Salomon, Johan"]
[Black "Urkedal, Frode Olav Olsen"]
[Result "1/2-1/2"]
[WhiteElo "2452"]
[BlackElo "2507"]
[PlyCount "40"]
[EventDate "2016.??.??"]

1. d4 Nf6 2. c4 e6 3. Nf3 b6 4. a3 Bb7 5. Nc3 d5 6. Bf4 Bd6 7. Bxd6 cxd6 8.
cxd5 Nxd5 9. Nxd5 Bxd5 10. e3 O-O 11. Bd3 f5 12. O-O Nd7 13. Qe2 Nf6 14. Nd2
Bb7 15. e4 fxe4 16. Nxe4 Nxe4 17. Bxe4 Bxe4 18. Qxe4 Qf6 19. Rae1 Rae8 20. h3
Qf4
1/2-1/2

[Event "Fagernes Chess International"]
[Site "Thon Hotell Fagernes"]
[Date "2016.03.20"]
[Round "5"]
[White "Meskovs, Nikita"]
[Black "Hobber, Anders"]
[Result "0-1"]
[WhiteElo "2469"]
[BlackElo "2326"]
[PlyCount "74"]
[EventDate "2016.??.??"]

1. d4 d5 2. Nf3 c6 3. e3 Bg4 4. c4 e6 5. Nc3 Nd7 6. Qb3 Qb6 7. Bd3 Ngf6 8. h3
Bxf3 9. gxf3 g6 10. Bd2 Bg7 11. cxd5 Nxd5 12. Ne4 O-O 13. f4 Qc7 14. Rc1 Rfd8
15. h4 N5f6 16. Nc3 c5 17. Na4 b6 18. Ke2 Qd6 19. dxc5 Nxc5 20. Nxc5 bxc5 21.
Ba5 Rab8 22. Qa3 Rdc8 23. Rhd1 Nd5 24. b3 Qe7 25. Rh1 Nb4 26. Bc4 e5 27. f5
gxf5 28. Rcg1 Kh8 29. Rg5 f4 30. Rf5 Qd7 31. Rg5 Bf6 32. Rgg1 Qf5 33. Bxb4 cxb4
34. Qa5 Rd8 35. Rc1 fxe3 36. fxe3 Qg4+ 37. Ke1 Qg3+
0-1

[Event "Fagernes Chess International"]
[Site "Thon Hotell Fagernes"]
[Date "2016.03.20"]
[Round "5"]
[White "Bjerke, Richard"]
[Black "Getz, Nicolai"]
[Result "0-1"]
[WhiteElo "2109"]
[BlackElo "2407"]
[PlyCount "64"]
[EventDate "2016.??.??"]

1. Nf3 Nf6 2. c4 g6 3. Nc3 Bg7 4. e4 d6 5. d4 O-O 6. Be2 Nbd7 7. O-O e5 8. Be3
Re8 9. d5 a5 10. Qc2 Nc5 11. Nd2 Ng4 12. Bxg4 Bxg4 13. a3 Bd7 14. b4 axb4 15.
axb4 Na6 16. Qb3 f5 17. f3 Bf6 18. Ra2 Bg5 19. Bf2 c5 20. dxc6 bxc6 21. Rd1 Be6
22. Nf1 Qc7 23. Rda1 Qf7 24. Nd5 cxd5 25. cxd5 Bc8 26. Qc4 fxe4 27. b5 Bb7 28.
Rxa6 Bxd5 29. Qb4 exf3 30. Ng3 e4 31. Rxa8 Bxa8 32. Ra7 e3
0-1

[Event "Fagernes Chess International"]
[Site "Thon Hotell Fagernes"]
[Date "2016.03.20"]
[Round "5"]
[White "Gandrud, Vegar Koi"]
[Black "Christiansen, Johan-Sebastian"]
[Result "1/2-1/2"]
[WhiteElo "2300"]
[BlackElo "2401"]
[PlyCount "227"]
[EventDate "2016.??.??"]

1. Nf3 d5 2. g3 Bg4 3. Bg2 Nd7 4. c4 e6 5. cxd5 exd5 6. O-O Ngf6 7. h3 Bxf3 8.
Bxf3 Bd6 9. Nc3 c6 10. d3 Qc7 11. e4 O-O 12. Bg2 Rad8 13. Qc2 d4 14. Ne2 c5 15.
Kh2 Rfe8 16. f4 c4 17. dxc4 d3 18. Qxd3 Nc5 19. Qc2 Ncxe4 20. Rd1 Qc5 21. Nd4
h5 22. b4 Qxb4 23. Nb5 h4 24. Bxe4 hxg3+ 25. Kg2 Rxe4 26. Ba3 Rxc4 27. Bxb4
Rxc2+ 28. Kxg3 Re8 29. Rxd6 Re3+ 30. Kh4 Rh2 31. Rxf6 gxf6 32. Rg1+ Kh7 33. Nd6
Rexh3+ 34. Kg4 Rh4+ 35. Kf5 Rf2 36. Rg4 Rxg4 37. Kxg4 Rxa2 38. Kf5 a5 39. Bc3
Rc2 40. Ne4 a4 41. Nxf6+ Kg7 42. Nd5+ Kf8 43. Ke4 Ke8 44. Kd3 Rc1 45. Bb2 Rf1
46. Kc4 Kd7 47. Be5 a3 48. Kb3 Rf3+ 49. Ka2 Kc6 50. Nc3 f6 51. Bxf6 b5 52. Kxa3
b4+ 53. Kxb4 Rxf4+ 54. Ne4 Rxe4+ 55. Kc3 Kd5 56. Kd3 Rf4 57. Bd8 Rf3+ 58. Ke2
Ke4 59. Be7 Rf7 60. Bd8 Rd7 61. Bf6 Ra7 62. Bd8 Ra2+ 63. Kf1 Rc2 64. Be7 Kf3
65. Kg1 Rc7 66. Bd6 Rg7+ 67. Kh1 Rd7 68. Bh2 Rd2 69. Bg1 Kg3 70. Bb6 Rd7 71.
Bc5 Rd1+ 72. Bg1 Rd8 73. Bh2+ Kf3 74. Bg1 Rh8+ 75. Bh2 Rh6 76. Kg1 Rg6+ 77. Kh1
Kf2 78. Be5 Rg1+ 79. Kh2 Rg5 80. Bd4+ Kf3 81. Kh1 Kg3 82. Bb6 Rg7 83. Bc5 Rd7
84. Bb6 Rh7+ 85. Kg1 Rb7 86. Bf2+ Kf3 87. Bc5 Rb2 88. Kh1 Rc2 89. Bg1 Rc6 90.
Bh2 Rh6 91. Kg1 Rg6+ 92. Kh1 Kf2 93. Be5 Re6 94. Bd4+ Kg3 95. Bc5 Kf3 96. Bg1
Ke2 97. Kg2 Rg6+ 98. Kh1 Kf1 99. Bh2 Kf2 100. Be5 Rg5 101. Bh2 Rd5 102. Bg1+
Kf3 103. Bh2 Rh5 104. Kg1 Rg5+ 105. Kh1 Rg8 106. Bg1 Kg3 107. Bh2+ Kf2 108. Bc7
Rc8 109. Bb6+ Kg3 110. Bd4 Rc6 111. Be5+ Kf3 112. Bh2 Rh6 113. Kg1 Rxh2 114.
Kxh2 { (114) Gandrud,V-Christiansen,J TV2 Fagernes 2016}
1/2-1/2

[Event "Fagernes Chess International"]
[Site "Thon Hotell Fagernes"]
[Date "2016.03.20"]
[Round "5"]
[White "Risting, Eivind Olav"]
[Black "Hauge, Lars Oskar"]
[Result "0-1"]
[WhiteElo "2102"]
[BlackElo "2393"]
[PlyCount "66"]
[EventDate "2016.??.??"]

1. c4 Nf6 2. g3 e6 3. Nf3 d5 4. Bg2 Be7 5. O-O O-O 6. d4 dxc4 7. Ne5 Nc6 8.
Bxc6 bxc6 9. Nxc6 Qe8 10. Nxe7+ Qxe7 11. Qa4 e5 12. dxe5 Qxe5 13. Qxc4 Be6 14.
Qc2 Bf5 15. Qc4 Be6 16. Qc2 Rfe8 17. Bf4 Qh5 18. f3 Rad8 19. Rf2 Nd5 20. Bd2 f5
21. a3 f4 22. gxf4 Qf7 23. e3 Bh3 24. e4 Nxf4 25. Bxf4 Qxf4 26. Nc3 Re6 27. Nd5
Qg5+ 28. Kh1 c6 29. Rg1 Qh6 30. Nc3 Red6 31. Rd1 Qe3 32. e5 Rxd1+ 33. Nxd1 Qe1+
0-1

[Event "Fagernes Chess International"]
[Site "Thon Hotell Fagernes"]
[Date "2016.03.20"]
[Round "5"]
[White "Ranaldi, Lucas"]
[Black "Houska, Jovanka"]
[Result "1/2-1/2"]
[WhiteElo "2132"]
[BlackElo "2387"]
[PlyCount "50"]
[EventDate "2016.??.??"]

1. Nf3 d5 2. d4 Nf6 3. c4 e6 4. Nc3 Be7 5. Bg5 O-O 6. e3 Nbd7 7. Qc2 h6 8. Bh4
c5 9. cxd5 Nxd5 10. Bxe7 Qxe7 11. Nxd5 exd5 12. dxc5 Nxc5 13. Be2 Ne4 14. O-O
Bg4 15. Nd4 Rac8 16. Qd3 Bxe2 17. Nxe2 Rfd8 18. Rac1 Rxc1 19. Rxc1 Qf6 20. f3
Ng5 21. Nd4 Ne6 22. Qf5 Qxf5 23. Nxf5 h5 24. Rc3 g6 25. Nd4 Nxd4
1/2-1/2

[Event "Fagernes Chess International"]
[Site "Thon Hotell Fagernes"]
[Date "2016.03.20"]
[Round "5"]
[White "Haug, Johannes"]
[Black "Kjølberg, Jens Hjorth"]
[Result "1-0"]
[WhiteElo "2267"]
[BlackElo "2164"]
[PlyCount "79"]
[EventDate "2016.??.??"]

1. e4 c5 2. Nf3 e6 3. d4 cxd4 4. Nxd4 a6 5. c4 Nf6 6. Nc3 Qc7 7. a3 b6 8. Be2
Bb7 9. f3 Be7 10. Be3 O-O 11. Rc1 d6 12. O-O Nbd7 13. Qd2 Rac8 14. a4 Qb8 15.
Rfd1 Rfe8 16. Bf2 Bd8 17. b3 Bc7 18. g3 h5 19. Bf1 h4 20. Kg2 hxg3 21. hxg3 Qa8
22. Be2 Ne5 23. Be3 d5 24. cxd5 exd5 25. f4 Neg4 26. e5 Nxe3+ 27. Qxe3 Qb8 28.
Bf3 Rcd8 29. Qd3 Ne4 30. Nxe4 dxe4 31. Bxe4 Bxe5 32. fxe5 Rxe5 33. Bxb7 Qxb7+
34. Qf3 Re4 35. Nc6 Rde8 36. Rd8 Re2+ 37. Qxe2 Rxd8 38. Qe4 Rd2+ 39. Kf3 Kf8
40. Qb4+
1-0

[Event "Fagernes Chess International"]
[Site "Thon Hotell Fagernes"]
[Date "2016.03.20"]
[Round "5"]
[White "Kaasen, Tor Fredrik"]
[Black "Machlik, Edit"]
[Result "1-0"]
[WhiteElo "2209"]
[BlackElo "2056"]
[PlyCount "65"]
[EventDate "2016.??.??"]

1. d4 Nf6 2. c4 e6 3. Nc3 Bb4 4. e3 O-O 5. Nge2 d5 6. a3 Bxc3+ 7. Nxc3 b6 8.
cxd5 Nxd5 9. Bd3 Ba6 10. O-O c5 11. Bxa6 Nxc3 12. bxc3 Nxa6 13. Qe2 Qc8 14. e4
Nb8 15. Be3 cxd4 16. cxd4 Qb7 17. Bf4 Nd7 18. Bd6 Rfc8 19. f4 Qc6 20. e5 f5 21.
Rad1 Nf6 22. exf6 Qxd6 23. Rfe1 Rc6 24. Qf3 Rd8 25. Qg3 g6 26. Qh4 h5 27. Qg5
Kf7 28. Kh1 Qd5 29. h3 Rcd6 30. Rd3 Qc4 31. Rg3 Rg8 32. Qh6 Kxf6 33. Rxg6+
1-0